000 00468nam a2200157Ia 4500
008 191206s9999 xx 000 0 und d
020 _a9781260566055
100 _aBjelland, Mark
245 _cMark Bjelland
_aHuman geography:
_blandscapes of human activities/
250 _a13th ed.
260 _aNY:
_bMcGrawHill Education
_c2020
300 _axv, 510 p. ;
_bcol. ill. :
_c28 cm.
500 _aIncludes index
650 _aHuman ecology
650 _aHuman geography
999 _c362838
_d362838